Central Library OPAC University of Rajshahi

Recent researches in aquatic environment / (Record no. 60135)

MARC details
000 -LEADER
fixed length control field 00786nam a2200253 a 4500
001 - CONTROL NUMBER
control field 60135
003 - CONTROL NUMBER IDENTIFIER
rucl marc code BD-RjUL
005 - DATE AND TIME OF LATEST TRANSACTION
control field 20211209080816.0
008 - FIXED-LENGTH DATA ELEMENTS--GENERAL INFORMATION
fixed length control field 161228s1995 ii a b 001 0 eng
020 ## - INTERNATIONAL STANDARD BOOK NUMBER
International Standard Book Number 8170351448
035 ## - SYSTEM CONTROL NUMBER
System control number (BD-RjUL)60259
040 ## - CATALOGING SOURCE
Original cataloging agency DLC
Transcribing agency DLC
Modifying agency DLC
-- BD-RjUL
Language of cataloging eng
041 ## - LANGUAGE CODE
Language code of text/sound track or separate title eng
082 00 - DEWEY DECIMAL CLASSIFICATION NUMBER
Classification number 577.60954
Edition number 23
Author mark and year REC 1995
245 00 - TITLE STATEMENT
Title Recent researches in aquatic environment /
Statement of responsibility, etc. editors, Ashutosh Gautam, N.K. Agarwal.
260 ## - PUBLICATION, DISTRIBUTION, ETC. (IMPRINT)
Place of publication, distribution, etc. Delhi :
Name of publisher, distributor, etc. Daya Pub. House,
Date of publication, distribution, etc. 1995.
300 ## - PHYSICAL DESCRIPTION
Pagination x, 190 p. :
Illustrations ill. ;
Size 25 cm.
500 ## - GENERAL NOTE
General note Includes indexes.
650 ## - SUBJECT ADDED ENTRY--TOPICAL TERM
Topical term or geographic name as entry element Aquatic ecology.
9 (RLIN) 179566
Topical term or geographic name as entry element Aquatic ecology
General subdivision Research
Geographic subdivision India.
9 (RLIN) 179567
700 1# - ADDED ENTRY--PERSONAL NAME
Personal name Gautam, Ashutosh,
Dates associated with a name 1965-
Personal name Agarwal, N. K.,
Dates associated with a name 1961-
942 ## - ADDED ENTRY ELEMENTS (KOHA)
Source of classification or shelving scheme Dewey Decimal Classification
Koha item type Books
Holdings
Lost status Source of classification or shelving scheme Damaged status Not for loan Collection code Permanent Location Current Location Shelving location Date acquired Source of acquisition Cost, normal purchase price Total Checkouts Full call number Date last seen Copy number Koha item type
  Dewey Decimal Classification   Not For Loan Non-fiction Central Library, University of Rajshahi Central Library, University of Rajshahi Reading Room 22/12/2005 Paragon Enterprise Ltd.Dhaka. 380.00   577.60954 REC 1995 28/12/2016 C-1 Books